00826 2200337 4500001002100000005001500021035002000036007000300056008004100059020001800100082001200118084001800130100001800148245006700166250001000233260003100243300003600274650002900310700002300339520001300362990001200375990001200387990001100399990001200410990001100422990001100433990001100444990001100455990001100466990001100477INLIS00000000000207220180716103607 a0010-0718000024ta180716 g 0 ind  a9786023755325 a910.202 a910.202 NAD t0 aNADIRA, Gandi1 aThe Best of Fukuoka /cNadira Gandi; editor, Adinto F. Susanto acet.1 aJakarta :bGrasindo,c2016 aix, 197 hlm. :bilus. ;c18 cm. aPARIWISATA-BUKU PETUNJUK0 aADINTO, F. Susanto aLampiran a16482 a a16482 b a16482b a16482 a a16482a a16482b a16482a a16482b a16482b a16482a